[Event "BCF-chT3 0405 (4NCL)"]
[Site "Telford"]
[Date "2004.11.06"]
[Round "1.8"]
[White "Smith, Robyn"]
[Black "Chidi, Lovinia Sylvia"]
[Result "1/2-1/2"]
[WhiteElo "1940"]
[BlackElo "1905"]
[PlyCount "56"]
[EventDate "2004.11.06"]
[EventType "team"]
[EventRounds "11"]
[EventCountry "ENG"]
[SourceTitle "EXT 2006"]
[Source "ChessBase"]
[SourceDate "2005.11.24"]
[SourceVersion "1"]
[SourceVersionDate "2005.11.24"]
[SourceQuality "1"]
[WhiteTeam "Numerica 3CS II"]
[BlackTeam "FCA Solutions"]
[WhiteTeamCountry "ENG"]
[BlackTeamCountry "ENG"]

1. e4 c5 2. Nf3 d6 3. Bb5+ Bd7 4. Bxd7+ Qxd7 5. 0-0 Nc6 6. c3 Nf6 7. Re1 e5 8. d3 Be7 9. Nbd2 0-0 10. Nf1 Bd8 11. Ng3 Ne8 12. Be3 g6 13. Bh6 Ng7 14. d4 cxd4 15. cxd4 exd4 16. Nxd4 Bf6 17. Be3 Ne6 18. Nge2 Bg7 19. Qd2 Rfd8 20. Rac1 Rac8 21. Red1 d5 22. Nxc6 bxc6 23. exd5 cxd5 24. Rxc8 Qxc8 25. Bxa7 Qa6 26. Bd4 Bxd4 27. Nxd4 Nxd4 28. Qxd4 Qxa2 1/2-1/2

[Event "BCF-chT2 0304 (4NCL)"]
[Site "West Bromwich"]
[Date "2004.05.22"]
[Round "10.5"]
[White "Smith, Robyn"]
[Black "Granat, Russell"]
[Result "0-1"]
[WhiteElo "1664"]
[BlackElo "2252"]
[PlyCount "73"]
[EventDate "2003.11.17"]
[EventType "team"]
[EventRounds "11"]
[EventCountry "ENG"]
[SourceTitle "EXT 2005"]
[Source "ChessBase"]
[SourceDate "2004.11.15"]
[SourceVersion "1"]
[SourceVersionDate "2004.11.15"]
[SourceQuality "1"]
[WhiteTeam "Numerica 3CS II"]
[BlackTeam "Guildford II"]
[WhiteTeamCountry "ENG"]
[BlackTeamCountry "ENG"]

1. e4 Nc6 2. Nf3 e5 3. Bc4 Bc5 4. c3 d6 5. d3 Nf6 6. 0-0 Qe7 7. Nbd2 0-0 8. Bb3 Be6 9. Nc4 Rad8 10. Re1 Kh8 11. Be3 b5 12. Ncd2 Bg4 13. Qe2 Bxe3 14. Qxe3 h6 15. Rac1 a6 16. d4 Nh5 17. h3 Bc8 18. d5 Nb8 19. c4 b4 20. c5 Nd7 21. cxd6 cxd6 22. Rc7 Qf6 23. Nh2 Nc5 24. Nc4 Nf4 25. Bc2 Nd7 26. Qd2 Qg5 27. f3 Nb6 28. Ne3 Bxh3 29. Kh1 Nxg2 30. Re2 Nxe3 31. Qxe3 Qxe3 32. Rxe3 Rc8 33. Rxc8 Rxc8 34. Re2 Nc4 35. Bd3 a5 36. Kg1 Nb6 37. Kf2 0-1